Vsádzková injekčná analýza - účinný analytický prostriedok v analýze liečiv

Salvato in:
Dettagli Bibliografici
Autore principale: Kekeľáková, Adela (Autore)
Altri autori: Švorc, Ľubomír (Relatore della tesi)
Natura: Manoscritto Libro
Lingua:slovacco
Pubblicazione: 2023
Soggetti:
Accesso online:http://is.stuba.sk/zp/portal_zp.pl?podrobnosti=169545
Tags: Aggiungi Tag
Nessun Tag, puoi essere il primo ad aggiungerne!!

MARC

LEADER 00000ntm a22000003a 4500
001 stuzp94325
003 SK-STU
005 20230909221735.3
007 ta
008 150427s2015----xo-----f-mn---000-0-slo-d
040 |a STU  |b slo 
041 0 |a slo 
100 1 |a Kekeľáková, Adela  |u 041000  |4 aut  |U FCHPT Fakulta chemickej a potravinárskej technológie  |T FCHPT Ústav analytickej chémie  |X 116675  |U C1000  |Y 99  |7 116675 
242 0 1 |a Batch injection analysis - an effective analytical tool for drug analysis  |y eng 
245 1 0 |a Vsádzková injekčná analýza - účinný analytický prostriedok v analýze liečiv 
260 |c 2023 
650 4 |a diazepam  |2 slo 
650 4 |a vsádzková injekčná analýza  |2 slo 
650 4 |a adsorpčná štvorcovovlnová rozpúšťacia analýza  |2 slo 
650 4 |a elektrochemická redukcia  |2 slo 
650 4 |a elektroanalýza  |2 slo 
650 4 |a batch injection analysis  |2 eng 
650 4 |a diazepam  |2 eng 
650 4 |a square-wave adsorptive stripping voltammetry  |2 eng 
650 4 |a electrochemical reduction  |2 eng 
650 4 |a electroanalysis  |2 eng 
700 1 |a Švorc, Ľubomír  |u 041000  |k Z1  |4 ths  |U FCHPT Fakulta chemickej a potravinárskej technológie  |T FCHPT Ústav analytickej chémie  |X 19350  |U C1000  |Y 99  |7 A000019350 
856 4 |u http://is.stuba.sk/zp/portal_zp.pl?podrobnosti=169545